| 000 | 00970nam a22002417a 4500 | ||
|---|---|---|---|
| 005 | 20180227115940.0 | ||
| 010 | _a1617EN ENG-116995 | ||
| 020 |
_a9788129137166 _c295.00 |
||
| 035 | _aB-649631-646 | ||
| 035 | _aEN-100527 | ||
| 035 | _aB-664888 | ||
| 037 |
_adpl _bUppal |
||
| 037 | _bDBAD/PUB | ||
| 082 | _a650.14 | ||
| 100 | _aMuralidharan, T. | ||
| 245 |
_aAn expert's 101 entry level jobs for MBAs and graduates / _cby T. Muralidharan |
||
| 260 |
_aNew Delhi _bRupa Pub. _c2016 |
||
| 270 |
_a7/16, Ansari Road, Daryaganj _bNew Delhi _e110002 |
||
| 300 |
_axiii, 367 p. _c20cm(pbk) _billus. |
||
| 942 |
_2ddc _cEN _h650.14 _mMUR |
||
| 999 |
_c102064 _d102064 |
||